| 000 | 00696nam a2200169Ia 4500 | ||
|---|---|---|---|
| 008 | 220216s9999 xx 000 0 und d | ||
| 100 | _aAlam B. | ||
| 245 | 0 | _aOn the photosynthetic energy acquisition, utilization and dissipation at PS2 level in a high yielding Indian clone of Hevea brasiliensis | |
| 260 |
_bIRRDB Conference on NR Industry: Responding to Globalization, 7-8 September 2004, Kunming International Convention and Exhibition Centre, China _c2004 |
||
| 650 | _aChlorophyll fluorescence | ||
| 650 | _aPhotochemical quenching | ||
| 650 | _aPhotosynthetic electron transport | ||
| 650 | _aPhotosynthetic energy | ||
| 650 | _aPS2 activity | ||
| 700 | _aJacob J.[a] | ||
| 942 | _cBS | ||
| 999 |
_c52339 _d52339 |
||